LDR 00517naa#a2200157#i#450# 001 EN\INFRA-M\bibl\14594 005 20260429181555.3 100 ## _a20250114b2025####ek#y0engy0150####ca 102 ## _aRU 200 1# _aDIGITAL CURRENCIES OF CENTRAL BANKS: IMPLEMENTATION EXPERIENCE AND DEVELOPMENT CONCEPTS _eConference article/thesis 210 1# _aMoscow _cINFRA-M Academic Publishing LLC. _d2025 215 ## _a5 с. 608 ## _aConference article/thesis _2local 700 #1 _aNikonova _gYa. I. 700 #1 _aIvasenko _gA. G. 856 4# _azh-szf.ru _u